[Event "RUS-Cup01 Chigorin Memorial"]
[Site "St Petersburg"]
[Date "1997.11.08"]
[Round "8"]
[White "Poluljahov, Aleksandr"]
[Black "Obukhov, Alexander"]
[Result "1-0"]
[WhiteElo "2510"]
[BlackElo "2405"]
[Annotator "Tisdall,J"]
[PlyCount "67"]
[EventDate "1997.11.01"]
[EventType "swiss"]
[EventRounds "9"]
[EventCountry "RUS"]
[SourceTitle "CBM 062"]
[Source "ChessBase"]
[SourceDate "1998.01.31"]
[SourceVersion "1"]
[SourceVersionDate "1998.01.31"]
[SourceQuality "1"]

1. d4 Nf6 2. c4 e6 3. Nf3 b6 4. g3 Bb4+ 5. Nbd2 Bb7 6. Bg2 O-O 7. O-O d5 8.
cxd5 exd5 9. Ne5 Bd6 10. Ndc4 (10. Ndf3 c5 11. b3 Na6 12. Bb2 Rc8 13. Rc1 Rc7
14. Re1 Re8 15. Nd3 c4 16. bxc4 dxc4 17. Nde5 Qc8 18. Ng5 Bxg2 19. Kxg2 c3 20.
Nexf7 Qb7+ 21. e4 Rxf7 22. Nxf7 Qxf7 23. Bxc3 Nxe4 24. Qf3 Qxf3+ 25. Kxf3 Ng5+
26. Kg4 Ne4 27. Kf3 Ng5+ 28. Kg4 Ne6 29. f4 Nec7 30. Rxe8+ Nxe8 31. d5 Kf7 32.
Be5 Bc5 33. Kf5 Nac7 34. Bxc7 Nxc7 35. Ke5 Ne8 36. g4 Bd6+ 37. Ke4 Nf6+ 38. Kf3
Nxd5 39. Rd1 Ke6 40. f5+ Ke5 41. Re1+ Kd4 42. Rd1+ Kc4 43. g5 Be7 44. h4 b5 {
Ehlvest,J-Timman,J/Manila olm 1992/TD 92\02/1/2-1/2 (55)}) 10... Be7 11. Bg5 (
11. Ne3 Qc8 12. Qc2 g6 13. b3 c5 14. Bb2 Na6 15. Rac1 Qe6 16. Nd3 Nb4 17. Nxb4
cxb4 18. Qc7 Rab8 19. Qe5 Bd6 20. Qxe6 fxe6 21. Rc2 Rbc8 22. Rfc1 Kf7 23. Rxc8
Bxc8 24. Rc2 Ke7 25. f3 Bb7 {Renet,O-Grivas,E/Erevan olm 1996/EXT 96ch2/1-0 
(68)}) 11... h6 (11... Ne4 12. Bxe7 Qxe7 13. Nd2 c5 14. e3 Na6 15. Rc1 cxd4 16.
exd4 Rac8 17. Rxc8 Rxc8 18. Nxe4 dxe4 19. Re1 Qb4 20. Bxe4 Bxe4 21. Rxe4 Qxb2
22. Nc6 Kf8 23. d5 Nc5 24. Re2 Qa3 25. Qd4 Nd7 26. Ne7 {Poluljahov,A-Pushkov,N/
URS Army-ch 1989/EXT 89ch2/1-0 (90)}) 12. Bxf6 Bxf6 13. f4 c6 14. Ne3 Na6 15.
N3g4 Re8 16. Rc1 Rc8 17. e3 Rc7 18. Qa4 c5 $4 {[%csl Re8]} (18... Qd6 $14) 19.
Nxf6+ gxf6 20. Ng4 $16 {[%csl Re8,Rf6]} Kg7 21. dxc5 Nxc5 $6 (21... bxc5 22. Z0
$140 Qd7) 22. Qd4 Ne6 23. Qd3 d4 $2 (23... h5 24. Nf2 Nc5) 24. Rxc7 Qxc7 25.
Qf5 $18 Bxg2 26. Qxf6+ Kf8 27. Qxh6+ Ke7 28. Qf6+ Kf8 29. Kxg2 d3 30. Qh6+ Ke7
31. f5 Nc5 32. Qh4+ Kd6 33. Qf6+ Kd5 34. Qc3 1-0

[Event "FRA-ch"]
[Site "Narbonne"]
[Date "1997.08.19"]
[Round "5"]
[White "Chabanon, Jean Luc"]
[Black "Degraeve, Jean Marc"]
[Result "1-0"]
[WhiteElo "2455"]
[BlackElo "2540"]
[Annotator "Tisdall,J"]
[PlyCount "43"]
[EventDate "1997.08.15"]
[EventType "tourn"]
[EventRounds "15"]
[EventCountry "FRA"]
[EventCategory "9"]
[SourceTitle "CBM 061"]
[Source "ChessBase"]
[SourceDate "1997.11.23"]
[SourceVersion "1"]
[SourceVersionDate "1997.11.23"]
[SourceQuality "1"]

1. d4 {King,D} Nf6 2. c4 e6 3. Nf3 Bb4+ 4. Nbd2 O-O 5. g3 b6 6. Bg2 Bb7 7. O-O
Be7 8. Qc2 d5 9. cxd5 exd5 10. Ne5 c5 11. dxc5 bxc5 12. e4 $5 $146 (12. Ndc4
$36 Re8 (12... Qc7 $1 {seems to be the state of the art of defence in this
line.} 13. Bf4 g5 14. Bxg5 dxc4 15. Qf5 Bxg2 16. Bxf6 Bxf6 17. Qxf6 Bxf1 18.
Qg5+ (18. Ng4 Rd8 $1) 18... Kh8 19. Qf6+ {1/2-1/2 Jussupow,A-Dolmatov,S/
Hastings A1 1989}) 13. Bf4 Qc8 14. Na5 Ba6 15. Rfd1 Nbd7 16. Bh3 Qc7 17. Nec4
Qc8 18. Ne3 d4 19. Nec4 Bxc4 20. Nxc4 Qa6 21. e3 Nb6 22. Nxb6 Qxb6 23. exd4
cxd4 24. Bc7 Qc5 25. Qxc5 Bxc5 26. Rac1 Ne4 27. Bf5 Bb6 28. Bd7 Re7 29. Bc6 Rf8
30. Bxb6 axb6 31. Re1 f5 32. f3 d3 33. Rcd1 d2 34. Bd5+ Kh8 35. Rxd2 Nxd2 36.
Rxe7 g6 37. Re2 Nb1 38. Re1 Rd8 39. Rd1 {1-0 Jussupow,A-Sokolov,A/Tilburg 1987/
CBM 04}) (12. Nb3 Bd6 $2 {All moves that protect c5 sensibly should be fine
for black. Black overestimates the amount of pressure the ensuing pin on the
c-file gives him.} 13. Nxc5 Qc7 14. Ned3 Na6 15. Be3 Rac8 16. Rac1 Ne4 17. Nxe4
$1 Qxc2 18. Rxc2 dxe4 19. Rd2 Rfd8 20. Rfd1 Be7 21. Nf4 Rxd2 22. Rxd2 Bc5 23.
Bxc5 Nxc5 24. Nd5 Kf8 25. Ne3 g6 26. h4 Ke7 {Haba,P-Jurek,J/CZE-ch 1994/TD
94\03/1-0 (44)}) 12... Qc7 $5 (12... d4 $5) 13. f4 dxe4 14. Nxe4 Nxe4 $2 (14...
Nbd7 $11) 15. Bxe4 Bxe4 16. Qxe4 Nd7 17. Nxf7 $1 Rae8 ({White's attack is
irresistible if the offer is accepted:} 17... Kxf7 18. Qd5+ {King: Perhaps
this was what Black missed.} Kf6 (18... Ke8 19. Qxa8+) 19. Bd2 Nb6 (19... Rae8
20. Rae1 $18) (19... Qd6 {King,D} 20. Bc3+ Kg6 21. f5+ Kh6 22. Bd2+) (19... c4
20. Bc3+ Kg6 21. f5+ Kh6 22. Bd2+ Bg5 23. Bxg5+ Kxg5 24. h4+) 20. Bc3+ Kg6 21.
f5+ Kh6 22. Bd2+ Bg5 (22... g5 23. fxg6+ Kxg6 24. Qe4+ Kg7 (24... Kh5 25. Qe2+)
25. Qg4+ Kh8 26. Bc3+) 23. Bxg5+ Kxg5 24. Qe4 $1 Kf6 (24... h5 25. Qe3+ Kg4 26.
Rf4+ Kg5 27. Rf3+ Kg4 28. Kg2) 25. Qe6+ Kg5 26. h4+ Kg4 (26... Kh5 27. Qe2+ Kh6
28. Qe3+) 27. Qe4+ Kh3 28. Qg2+ Kg4 29. Qf3+ Kh3 30. Kf2) 18. Ne5 Kh8 $6 (18...
Nxe5 $16) 19. Bd2 Bf6 20. Bc3 Re7 21. Rad1 Rfe8 $2 (21... Bxe5 22. fxe5 Rfe8
23. Qf5) 22. Rxd7 $1 {Not Blacks day} (22. Rxd7 Qxd7 (22... Rxd7 23. Nf7+) 23.
Nxd7 Rxe4 24. Bxf6 $18) 1-0

[Event "St Petersburg-ch"]
[Site "St Petersburg"]
[Date "1997.03.12"]
[Round "7"]
[White "Nepomnishay, Mikhail I"]
[Black "Ionov, Sergey"]
[Result "0-1"]
[WhiteElo "2465"]
[BlackElo "2530"]
[Annotator "Tisdall,J"]
[PlyCount "62"]
[EventDate "1997.03.04"]
[EventType "swiss"]
[EventRounds "9"]
[EventCountry "RUS"]
[SourceTitle "CBM 058"]
[Source "ChessBase"]
[SourceDate "1997.06.01"]
[SourceVersion "1"]
[SourceVersionDate "1997.06.01"]
[SourceQuality "1"]

1. d4 Nf6 2. c4 e6 3. Nf3 b6 4. g3 Bb4+ 5. Nbd2 Bb7 6. Bg2 O-O 7. O-O d5 8.
cxd5 exd5 9. Ne5 Re8 10. Ndf3 Ne4 11. Qc2 (11. Nd3 $5) 11... Bd6 12. b3 c5 13.
Bb2 Na6 14. Rac1 Rc8 $36 15. dxc5 $6 {>< Ne5} (15. Qb1 $142) 15... bxc5 16.
Rfd1 Qe7 $17 17. Qb1 f6 18. Ng4 $2 (18. Nd3 c4 $17) 18... d4 {/\ ...h5.} 19. h4
f5 20. Ngh2 Nxf2 $1 $19 21. Nxd4 (21. Kxf2 Qe3+ 22. Kf1 Bxg3) 21... Nxd1 22.
Nxf5 Qxe2 23. Rc2 Qe1+ 24. Nf1 Bxg2 25. Rxg2 Nxb2 26. Qxb2 Be5 27. Qa3 Nb4 28.
Qxa7 Bd4+ 29. Kh2 Qxf1 30. Ne7+ Rxe7 31. Qxe7 Qf7 0-1

[Event "RUS-Cup01 Chigorin Memorial"]
[Site "St Petersburg"]
[Date "1997.11.08"]
[Round "8"]
[White "Eingorn, Vereslav S"]
[Black "Orlov, Vassily"]
[Result "1-0"]
[WhiteElo "2590"]
[BlackElo "2425"]
[Annotator "Tisdall,J"]
[PlyCount "61"]
[EventDate "1997.11.01"]
[EventType "swiss"]
[EventRounds "9"]
[EventCountry "RUS"]
[SourceTitle "CBM 062"]
[Source "ChessBase"]
[SourceDate "1998.01.31"]
[SourceVersion "1"]
[SourceVersionDate "1998.01.31"]
[SourceQuality "1"]

1. Nf3 Nf6 2. c4 e6 3. g3 b6 4. Bg2 Bb7 5. d4 Bb4+ 6. Bd2 Be7 7. Nc3 c6 8. O-O
O-O 9. Rc1 d5 10. Bf4 Nbd7 (10... Nh5 11. Be5 Nd7 12. cxd5 exd5 13. e4 Nhf6 14.
exd5 cxd5 15. Qb3 Nxe5 16. dxe5 Ne4 17. Rfd1 Nxc3 18. Rxc3 Qd7 19. Nd4 Rac8 20.
Qb5 Qg4 21. Bf3 Qh3 22. Bxd5 Bxd5 23. Qxd5 Rcd8 24. Qe4 Rfe8 25. Rcd3 {
Bogdanovski,V-Rodriguez,A/Erevan olm 1996/EXT 96ch2/1/2-1/2 (52)}) (10... Ba6
11. Ne5 Nfd7 12. cxd5 cxd5 13. Nxf7 Rxf7 14. Nxd5 exd5 15. Bxd5 Nf6 16. Bxa8
Bf8 17. Bf3 Bb7 18. Bxb7 Rxb7 19. Qb3+ Qd5 20. Rc8 Qxb3 21. axb3 Nbd7 22. Rfc1
Kf7 23. f3 Nd5 24. Bd2 Bd6 25. e4 {Razuvaev,Y-Markowski,T/Geneve op 1995/EXP
46/1-0 (35)}) 11. cxd5 cxd5 (11... exd5) 12. Nb5 Ne8 13. Qd3 a6 14. Nc7 Ra7 $2
(14... Rc8 15. Nxa6 Ra8 16. Nc7 Rxa2 17. Qb3 Ra5 18. Ne5 (18. Nxe8 Qxe8 19. Z0
$140 Ba6) 18... Nxe5 19. Bxe5 (19. Qxb6 $1 Nc4 20. Qxb7 (20. Rxc4 dxc4 21. Qxa5
Bxg2 22. Kxg2 g5) 20... Ra4 $1 {and black appears to have sufficient
counterplay.}) 19... Nd6 $1 20. Qxb6 $140 Rb5) 15. Nxe8 Rxe8 16. Rc2 {[%cal
Gc1c8]} Qa8 17. Rfc1 Bd8 18. Bd6 $16 a5 19. Ne5 Ba6 20. Qe3 Nxe5 21. dxe5 Rd7
22. Qd4 f5 23. e3 Qb7 24. Rc6 Kf7 (24... Kh8) (24... Bb5 $4 25. Bxd5 $1) 25. h3
g6 26. Bf3 Qa7 27. g4 fxg4 28. hxg4 Bb7 29. R6c2 Kg7 30. Qa4 $1 $18 Ba6 31. Rc7
$1 (31. Rc7 $1 Rxc7 32. Rxc7+ Bxc7 33. Qxe8 Bxd6 34. exd6) 1-0

[Event "Bad Homburg"]
[Site "Bad Homburg"]
[Date "1998.07.20"]
[Round "4"]
[White "Zhu, Chen"]
[Black "Torre, Eugenio"]
[Result "0-1"]
[WhiteElo "2490"]
[BlackElo "2560"]
[Annotator "Tisdall,J"]
[PlyCount "120"]
[EventDate "1998.07.17"]
[EventType "tourn"]
[EventRounds "9"]
[EventCountry "GER"]
[EventCategory "13"]
[SourceTitle "CBM 066"]
[Source "ChessBase"]
[SourceDate "1998.09.30"]
[SourceVersion "1"]
[SourceVersionDate "1998.09.30"]
[SourceQuality "1"]

1. d4 Nf6 2. c4 e6 3. Nf3 Bb4+ 4. Bd2 c5 5. Bxb4 cxb4 6. g3 b6 7. Bg2 Bb7 8.
O-O O-O 9. Qd3 d6 10. Nbd2 Qc7 11. e4 (11. Rac1 Nbd7 12. e4 e5 13. Ne1 Rfe8 14.
Nc2 a5 15. Rfe1 Rad8 16. a3 bxa3 17. Qxa3 exd4 18. Nxd4 Nc5 19. f3 g6 20. Nf1
Qe7 21. Ne3 h5 22. Qc3 h4 23. Rcd1 hxg3 24. hxg3 Qe5 25. Nf1 Ne6 26. Re3 Nxd4
27. Qxd4 Qxd4 28. Rxd4 $16 {1-0 Karpov,A-Nikolic,P/Monaco 1995/EXP 46 (51)})
11... e5 12. Ne1 $5 $146 (12. Rfe1 Re8 13. Rac1 Nbd7 14. a3 bxa3 15. Qxa3 a5
16. Bh3 Rad8 17. d5 Nc5 18. Nh4 Ra8 19. Qe3 Qd8 20. Rf1 Kh8 21. f4 exf4 22.
Rxf4 {1-0 Lobron,E-Nikolic,P/Munich 1994/CBM 42 (58)}) 12... a5 13. Nc2 Re8 14.
Rfe1 $6 {Surely the consistent course of white's play is the direct} (14. f4)
14... Nc6 15. Rac1 Nd7 16. Nf1 Rac8 17. b3 Nf6 (17... exd4 18. Nxd4 Nc5 19. Qd2
Nxd4 20. Qxd4 Ne6 21. Qd2 Nc5 22. f3 $14) 18. Rcd1 (18. d5 Ne7 19. f4 (19. Nd2
Qd7 $11) 19... exf4 20. gxf4 Ng6 $36) 18... Rcd8 19. f3 Ba6 {White would
prefer to prevent ...b5, giving black obvious counterplay on the queenside,
but this limits his ability to play actively. If black achieves the ..b5 break
he gains access to the c-file and transforms his apparently unwieldy queenside
pawn structure into an aggressive one.} 20. Nfe3 Qb8 21. Bf1 h6 22. Rd2 Nh7 {
Planning ...Ng5, pressuring f3/e4 and creating the possibility of sending the
knight to e6.} 23. f4 Nf6 {Typical probing chess, now that e4 has been robbed
of its most reliable form of support, black switches back to indirect pressure
against the white e-pawn.} 24. fxe5 dxe5 25. d5 {A logical development of the
pawn structure. White's trumps are now the d-pawn and f-line, while black has
finally gained access to c5 for a knight, one of the basic strategies behind
the defence.} Ne7 26. Rf2 Nd7 27. Qe2 Nc5 28. Qh5 Rf8 29. Ng4 (29. Nf5 Nxf5 30.
exf5 f6 31. h4 $5 Rd7 $5 {and black can meet g4 with ...Qe8.}) 29... f6 30. Rf3
Qd6 (30... b5 $5 {appears fully playable, but Black prefers to maintain a
solid outpost on c5.}) 31. Nf2 Bc8 32. Bh3 Bxh3 33. Qxh3 Qd7 34. Qh5 (34. Qxd7
Rxd7 35. Nd3 Nxd3 36. Rxd3 Nc8 37. Ne3 {was a sensible if unexciting
alternative.}) 34... Qe8 35. Qg4 Nc8 36. Nd3 Nxd3 37. Rxd3 Nd6 38. Rf3 $6 (38.
Ne3 {looks more natural.}) 38... Kh7 39. Rfe3 {White's last moves look like
time pressure. Though it does not appear critical, he is clearly wasting time
and not solving the problem of employing the Nc2.} Qg6 40. Qxg6+ Kxg6 {Black's
position is more dynamic as he has the most potential pawn breaks to alter the
position (...g6+f5, ...b5 and perhaps ...a5-a4).} 41. a3 {This transaction
does not help much, but black had a simple plan of putting a R on the c-file
and playing ...b5, while white has little to do.} bxa3 42. Nxa3 Rc8 {Keeping
the potential ideas of ...a4 and ...b5 in force. White's N is wretchedly
placed.} 43. Rb1 Rc7 44. Kg2 Kf7 45. Kf3 Ke7 46. Rc3 Rfc8 47. Rbc1 Rc5 {
Ruling out a later c4-c5 and adding more weight to the advance ...b5.} 48. R3c2
h5 {Preventing g4 and so preparing ...g6+...f5. White is ill prepared to try
and parry this with h3+g4 as the opening of the h-file will favor black.} 49.
Ke3 g6 50. Kd3 f5 51. exf5 gxf5 52. Re1 Kf6 53. Rce2 e4+ 54. Kd4 {To support
the d5 pawn in the event of the ...b5 break splintering the white queenside.}
b5 55. Ra1 (55. cxb5 Nxb5+ 56. Nxb5 Rxb5 {with awkward threats on the b- and
d-lines.}) (55. Rc2 b4 56. Nb1 a4 57. bxa4 Rxc4+ 58. Rxc4 Rxc4+ 59. Ke3 Ke5 {
and white's d+a-pawns are critically weak, and his king in danger as well. Not
to mention terribly passive pieces...}) 55... bxc4 56. bxc4 Nxc4 57. Rc2 Rxd5+
$1 58. Kxd5 Ne3+ 59. Kd6 Nxc2 60. Rc1 Rc3 (60... Rc3 61. Nxc2 e3 62. Re1 Rxc2
63. Rxe3 Rxh2 $19) 0-1

[Event "Excelsior Cup"]
[Site "Gothenburg"]
[Date "1997.??.??"]
[Round "4"]
[White "Hillarp Persson, Tiger"]
[Black "Sjoberg, Mats"]
[Result "1/2-1/2"]
[WhiteElo "2475"]
[BlackElo "2430"]
[Annotator "Tisdall,J"]
[PlyCount "89"]
[EventDate "1997.01.??"]
[EventType "tourn"]
[EventRounds "9"]
[EventCountry "SWE"]
[EventCategory "9"]
[SourceTitle "CBM 057"]
[Source "ChessBase"]
[SourceDate "1997.04.01"]
[SourceVersion "1"]
[SourceVersionDate "1997.04.01"]
[SourceQuality "1"]

1. d4 Nf6 2. c4 e6 3. Nf3 Bb4+ 4. Bd2 Qe7 5. Nc3 b6 6. g3 Bb7 7. Bg2 O-O 8. O-O
d6 9. d5 c6 10. Nh4 $5 (10. Nd4 Bxc3 11. dxc6 Nxc6 12. Bxc3 Rac8 13. b3 $14 {
0-1 Roca,P-Sharif,M/Dubai olm 1986 (35)}) 10... cxd5 (10... Bxc3 11. Bxc3 (11.
dxc6) 11... cxd5 12. cxd5 Nxd5 13. Bxd5 Bxd5 14. Nf5 Qg5 $1) 11. Nxd5 $1 Nxd5
12. cxd5 Bxd2 13. Qxd2 $14 {White has a small but lasting advantage now thanks
simply to his greater space.} e5 14. Nf5 Qd7 15. e4 Na6 16. b4 (16. f4 $5 $40)
16... f6 (16... g6 17. Bh3 (17. Ne3) 17... Kh8 $1 (17... gxf5 18. Qg5+ Kh8 19.
Qf6+ Kg8 20. Bxf5 Qc7 21. Rac1 $18)) 17. Rfc1 (17. h4 $5 {Planning Kh2 and Bh3.
}) 17... g6 18. Ne3 Rac8 19. Bf1 Rxc1 20. Rxc1 Rc8 21. Rc6 Nc7 22. Rc2 Nb5 23.
Rxc8+ Bxc8 24. Nc2 a6 25. a4 Na7 26. b5 $5 axb5 (26... a5 27. Qc3 Bb7 28. Ne3
Nc8 29. Be2 {And white's space advantage is still a cause for concern, and
black must watch his weaknesses on b6 and d6 as well.}) 27. axb5 Nxb5 28. Qb4
Qc7 29. Qxb5 Qxc2 30. Qe8+ Kg7 31. Qe7+ Kg8 32. Qe8+ Kg7 33. Qe7+ Kg8 34. Qxf6
(34. Qxd6 Qc1 35. Qxb6 Bh3 36. Qb5 Kf7 $14) 34... Qc1 35. Qd8+ (35. Kg2 $5 Qc2
$1 (35... Bh3+ $2 36. Kxh3 Qxf1+ 37. Kh4 Qe2 38. Qe6+ Kg7 39. Qe7+ Kg8 40. Kg5
$16)) 35... Kg7 36. Qe7+ Kg8 37. Qd8+ Kf7 38. Qxb6 Bh3 39. Qb5 g5 $11 40. Qc4
Qb1 41. Qb5 Qc1 42. Qc4 Qb1 43. Qe2 Bxf1 44. Qxf1 Qxe4 45. Qb5 1/2-1/2

[Event "CRO-ch 6th"]
[Site "Pula"]
[Date "1998.01.10"]
[Round "2"]
[White "Cvitan, Ognjen"]
[Black "Franic, Milan"]
[Result "1-0"]
[WhiteElo "2560"]
[BlackElo "2430"]
[Annotator "Tisdall,J"]
[PlyCount "44"]
[EventDate "1998.01.09"]
[EventType "tourn"]
[EventRounds "13"]
[EventCountry "CRO"]
[EventCategory "9"]
[SourceTitle "CBM 064"]
[Source "ChessBase"]
[SourceDate "1998.06.02"]
[SourceVersion "1"]
[SourceVersionDate "1998.06.02"]
[SourceQuality "1"]

1. Nf3 Nf6 2. d4 e6 3. c4 Bb4+ 4. Bd2 Qe7 5. g3 O-O 6. Bg2 Bxd2+ 7. Qxd2 d5 (
7... Ne4 {is more reliable.}) 8. O-O b6 9. cxd5 exd5 10. Nc3 Bb7 11. Nh4 $5
$146 (11. Ne5 Nbd7 12. Qf4 Rfe8 13. Nc4 Nf8 14. Ne3 Ng6 15. Qf5 Rad8 16. Nexd5
Nxd5 17. Nxd5 Qd6 18. Nc3 Bxg2 19. Kxg2 Qxd4 20. Rad1 Qe5 21. Qf3 c5 22. e3 Qe6
23. h3 {1/2-1/2 Lukacs,P-Schneider,A/HUN-ch 1989/TD 89\11}) (11. Qf4 Na6 12.
Nh4 g6 13. Qg5 Qe6 14. f4 Rae8 15. f5 Qe3+ 16. Qxe3 Rxe3 17. fxg6 fxg6 18. Rxf6
Rxf6 19. Bxd5+ Bxd5 20. Nxd5 Rfe6 21. Nxe3 Rxe3 22. Kf2 Re4 23. Nf3 Nb4 24. a3
Nd5 25. Rd1 Re3 26. Ne1 g5 27. Rd3 Re6 28. Nf3 h6 29. Ne5 c5 30. Nc4 cxd4 31.
Rxd4 Nf6 32. h3 Kf7 33. Kf3 Ke7 34. e4 h5 35. Ne3 Kf7 36. h4 Kg6 37. Nd5 Ng4
38. hxg5 Kxg5 39. Nf4 Ne5+ 40. Kg2 Re8 41. Rd5 Kh6 42. Rd6+ Kg5 43. Nh3+ Kg4
44. Rd5 {1-0 Razuvaev,Y-Inkiov,V/Calcutta 1986/TD 86\01}) 11... Ne4 $2 {
A very serious error since the pawn on e4 is extremely hard to defend - it
also allows the Nh4 to reenter the game powerfully.} (11... Qe6 {was a
definite improvement.}) 12. Nxe4 dxe4 {[%csl Re4]} 13. Nf5 $16 Qd8 (13... Qd7
14. Qf4 $1 Re8 15. Rac1 $16 {poses black awkward problems since the Nb8 cannot
move in view of the deadly reply Qg4.}) 14. d5 $1 Re8 (14... Bxd5 $4 15. Qxd5
$1 Qxd5 16. Ne7+) 15. Qd4 {[%csl Re4,Rg7]} Qf6 (15... Qg5 16. Bxe4) 16. Qxf6
gxf6 17. Rfd1 Bc8 18. Ne3 {[%csl Rc7,Re4,Rf6]} Ba6 $6 (18... Na6 $142 19. Rac1
$16) 19. Kf1 c5 $6 (19... Bb7 20. Rd4) (19... Nd7 20. Rd4 Nc5 21. b4) 20. dxc6
Nxc6 21. Nd5 $18 {[%csl Rc7,Re4,Rf6]} Re7 22. Rac1 $5 Bb5 (22... Bb5 23. Rxc6)
1-0

[Event "New York op"]
[Site "New York"]
[Date "1998.03.16"]
[Round "2"]
[White "Lputian, Smbat G"]
[Black "Izeta Txabarri, Felix"]
[Result "1-0"]
[WhiteElo "2610"]
[BlackElo "2475"]
[Annotator "Tisdall,J"]
[PlyCount "97"]
[EventDate "1998.03.16"]
[EventType "swiss"]
[EventRounds "9"]
[EventCountry "USA"]
[SourceTitle "CBM 064"]
[Source "ChessBase"]
[SourceDate "1998.06.02"]
[SourceVersion "1"]
[SourceVersionDate "1998.06.02"]
[SourceQuality "1"]

1. d4 Nf6 2. c4 e6 3. Nf3 Bb4+ 4. Nbd2 b6 5. g3 Bb7 6. Bg2 c5 7. O-O cxd4 8.
Nb3 O-O 9. Nbxd4 d5 $5 $146 {This novelty looks riskier than adopting a
classical "hedgehog" approach with ...Be7 and a6/d6. On the other hand, if it
works, black must solve any and all opening difficulties.} (9... Be7 10. b3 Nc6
11. Ne5 Qc7 12. Ndxc6 dxc6 13. Bb2 c5 14. f3 Rad8 15. Qc2 Nd7 16. Ng4 Nb8 17.
Qc3 f6 18. Qe3 Rd6 19. Nf2 Nc6 20. Ne4 Rdd8 21. Nc3 Qc8 22. Bh3 f5 23. Rad1 Bf6
24. Qc1 {1/2-1/2 Zaitsev,A-Ivkov,B/Buesum 1969/EXT 97}) (9... a6 10. Qb3 Be7
11. Rd1 Qc7 12. a4 Nc6 13. Bf4 d6 14. Nxc6 Bxc6 $11 {1/2-1/2 Arkhipov,S-Lerner,
K/Moscow-B 1985/MCL 05 (56)}) 10. Qa4 Qe7 (10... Bc5 $5) 11. Ne5 Qe8 $2 (11...
Bd6 $1 {should solve black's problems, since} 12. Ndf3 Qc7 {is rather awkward
to meet.}) 12. Qxe8 Rxe8 13. Rd1 $14 {Now white's actively placed knights give
him a small but definite initiative.} Bd6 14. Bf4 Bxe5 $6 (14... Na6 $5) 15.
Bxe5 Nbd7 16. Bd6 a6 17. cxd5 Bxd5 18. f3 $1 {Very strong - White prepares a
secure foothold in the center, and placing the Bg2 on f1, where it will
monitor the queenside.} Rac8 19. e4 Bb7 20. Bf1 g5 $5 {[%csl Ge4,Gf3,Gg4] An
active plan in a passive position - black hopes to undermine white's kingside
pawn constellation.} (20... e5 $2 21. Nf5 Rc2 (21... Kh8 22. Ba3 $18) 22. Bd3
$1 $18) 21. Rac1 g4 22. e5 Nd5 23. fxg4 Ne3 24. Re1 Nxf1 (24... Nxg4 25. Rcd1 {
[%csl Rg4] remains unpleasant for black since the Ng4 will long be out of play.
Black decides to remove the pressure against a6 in order to gains some freedom
of movement on the queenside.}) 25. Kxf1 Bd5 26. b3 Nc5 27. Bxc5 bxc5 28. Ne2
c4 29. b4 Rb8 (29... Bf3 30. Red1 Bxg4 31. Rd4 {[%csl Rc4]}) 30. Rb1 Be4 31.
Rb2 Red8 32. Nc3 Bf3 {Hoping to use the d3 square for the rook.} 33. Kf2 $1
Bxg4 34. Re4 Bf5 35. Rxc4 {Now black has no compensation for the sacrificed
pawn and Lputjan finishes with some typically smooth technique.} Rbc8 36. Rxc8
Rxc8 37. Na4 Rc4 38. a3 h5 39. Nc5 a5 40. Nd7 axb4 41. axb4 h4 42. b5 hxg3+ 43.
hxg3 Rc7 44. Nf6+ Kf8 45. b6 Rb7 46. Ke3 Ke7 47. Ra2 $1 Rb8 (47... Rxb6 48. Ra8
$18) 48. Ra7+ Kd8 49. Nd7 1-0